Xipe Totek : Revista Trimestral del Departamento Filosofía y Humanidades : vol. XXI, no. 4, no. de publicación 84, 31 de diciembre 2012 /

Guardado en:
Bibliografiske detaljer
Andre forfattere: Manzano Vargas, Jorge (dirección) (dirección)
Format: Bog
Sprog:spansk
Udgivet: Guadalajara, México : ITESO, Departamento de Filosofía y Humanidades, 2012
Tags: Tilføj Tag
Ingen Tags, Vær først til at tagge denne postø!

MARC

LEADER 00000nam^a2200000^a^4500
001 000627582
005 20260212000000.0
009 20260310134056.643
037 |a Acervo Xavier Clavigero 
041 |a ESP 
091 |a FHG. 01121 
240 1 1 |a [Xipe Totek: Revista Trimestral del Departamento Filosofía y Humanidades] 
240 1 1 |a [Xipe Totek: Revista de Filosofía y Ciencias Sociales] 
245 0 0 |a Xipe Totek :  |b Revista Trimestral del Departamento Filosofía y Humanidades : vol. XXI, no. 4, no. de publicación 84, 31 de diciembre 2012 / 
264 1 |a Guadalajara, México :  |b ITESO, Departamento de Filosofía y Humanidades,  |c 2012 
300 |a p. 306-396 
336 |a texto  |b txt  |2 rdacontenido 
337 |a sin mediación  |b n  |2 rdamedio 
338 |a volumen  |b nc  |2 rdasoporte 
649 |a XX 
700 |a Manzano Vargas, Jorge  |e (dirección) 
910 |a Fondo Humberto García Bedoy S.J. 
920 |a Impresos - Libros 
930 |a Fondos Especiales 
905 |a 148 
901 |a 628039-10  |b IT2  |c ESP  |i D  |u 20260212 
902 |a https://opac.biblio.iteso.mx/vufind/Record/000627582